LIBRARY & INFORMATION CENTRE, KCAET, TAVANUR

ONLINE PUBLIC ACCESS CATALOGUE (OPAC)

Refrigeration Systems and Applications (Record no. 14468)

MARC details
000 -LEADER
fixed length control field 00342nam a22001457a 4500
020 ## - INTERNATIONAL STANDARD BOOK NUMBER
ISBN 9788126549085
082 ## - DEWEY DECIMAL CLASSIFICATION NUMBER
Classification number 697.93
Item number DIN/RE
100 ## - MAIN ENTRY--AUTHOR NAME
Personal name Dincer,Ibrahim
100 ## - MAIN ENTRY--AUTHOR NAME
Personal name Kanoglu,Mehmet
245 ## - TITLE STATEMENT
Title Refrigeration Systems and Applications
250 ## - EDITION STATEMENT
Edition statement 2 nd
260 ## - PUBLICATION, DISTRIBUTION, ETC. (IMPRINT)
Place of publication New Delhi
Name of publisher Wiley
Year of publication 2014
300 ## - PHYSICAL DESCRIPTION
Number of Pages 464
942 ## - ADDED ENTRY ELEMENTS (KOHA)
Koha item type Books
Holdings
Withdrawn status Lost status Damaged status Collection code Home library Current library Shelving location Date acquired Source of acquisition Cost, normal purchase price Full call number Accession Number Koha item type
        KAUAET KAUAET General Stacks 07/07/2016 Arunima Book Distributor,TVPM 3795.00 697.93 DIN/RE 24836 Books
free website counter